Syntetické štúdie vedúce k neprírodným diastereomérom kodonopsinínu diplomová práca

Guardado en:
Detalles Bibliográficos
Autor principal: Ďurkáčová, Slávka
Formato: Libro
Lenguaje:eslovaco
Publicado: Bratislava STU FCHPT 2014
Acceso en línea:Ver en el OPAC
Etiquetas: Agregar Etiqueta
Sin Etiquetas, Sea el primero en etiquetar este registro!

MARC

LEADER 00000nam a2200000 a 4500
005 20260127134114.0
008 140710 2014 000 0 slo d
035 |a vtls010609302 
039 9 |y 201407101134  |z mschk03 
040 |a STUSCHK1  |b slo  |c STUSCHK1  |e AACR2 
100 1 |a Ďurkáčová, Slávka 
245 1 |a Syntetické štúdie vedúce k neprírodným diastereomérom kodonopsinínu  |b diplomová práca  |c Slávka Ďurkáčová 
260 |a Bratislava  |b STU FCHPT  |c 2014 
300 |a 51 s.  |b il.  |c 30 cm 
500 |a Obhájené: 10.6.2014 
500 |a Štud. program: technická chémia 
500 |a Štud. odbor: chémia, chemické technológie 
500 |a Škol. pracovisko: Odd. organickej chémie 
500 |a Evid. číslo: FCHPT-5459-58243 
910 |a SCHK95 
999 |c 4178  |d 4178